02133cam a22004335a 4500999001700000001001000017003000300027005001700030008004100047015001900088020001800107020001500125040003200140082001700172100002800189245010100217246004900318250002500367260005000392300003600442490003200478500006900510500005100579520018600630650004500816650003400861651001000895653002500905655001400930690004400944700003000988700002701018942000801045952012301053952011501176952013901291952013001430952013901560 c26974d26946018643441Uk20181112152654.0171208s2018 enka frb 001 0 eng d aGBB8I38582bnb a9781292214870 a1292214872 aN$TbengcN$TdUkdEG-ScBUE04a337bKRU2221 aKrugman, Paul R.93889210aInternational economics :btheory & policy /cPaul R. Krugman, Maurice Obstfeld, Marc J. Melitz.3 aInternational economics :btheory and policy a11th ed., Global ed. aHarlow :bPearson Education Limited,cc.2018. a800 p. :bill. (col.) ;c28 cm.0 aPearson series in economics aRevised edition of the authors' International economics, [2015]. aIncludes bibliographical references and index. aKrugman and Obstfeld provide a unified model of open-economy macroeconomics based upon an asset-market approach to exchange rate determination with a central role for expectations.  7aInternational economic relations.2BUEsh 7aInternational finance.2BUEsh 2BUEsh bBUSECOcNovember2018 vText book7 aManagement and Business Studies2blcoll1 aObstfeld, Maurice.9294511 aMelitz, Marc J.929452 2ddc 00102ddc40708BaccahaMAINbMAINc1STd2018-11-12ePurchaseg550.00l0o337 KRUp000043868r2025-07-15 00:00:00yNB 00102ddc40708BaccahaMAINbMAINc1STd2018-11-12ePurchasel0o337 KRUp000043869r2022-08-24 00:00:00yNB 00102ddc40708BaccahaMAINbMAINc1STd2018-11-12ePurchaseg550.00l1m11o337 KRUp000043870r2025-07-15 00:00:00s2021-10-10yBB 00102ddc40708BaccahaMAINbMAINc1STd2018-11-12ePurchasel1m3o337 KRUp000043871r2025-07-15 00:00:00s2022-01-12yBB 00102ddc40708BaccahaMAINbMAINc1STd2018-11-12ePurchaseg550.00l3m11o337 KRUp000043872r2025-07-15 00:00:00s2022-01-04yBB